000 00477nam a2200181Ia 4500
001 20677
005 20260306172823.0
008 260306t2016||||xx |||||||||||||| ||spa||
041 _aESP
082 _a343.6
_bM86
100 _aMorante Guerrero, Luis
_eAUT
245 0 _aContratos especiales del estado:
_b(no regulados por la ley de contrataciones)
260 _c2016
300 _a124 páginas :
_c24 cm.
650 _aGEN
654 _aCDE
942 _cLIB
_dJUS
_fJUS
_2ddc
_n
999 _c20677
_d20677